000 00356nam a2200133 i 4500
001 bg
100 1 _aPIOTROWSKI, Leszek
245 0 _aBaza materialno-techniczna zaopatrzenia i obrotu materiaƂowego.Z.33 /
_cLeszek Piotrowski.
260 _aPoznaƄ,
_c1977.
040 _cBPK
041 _apol
942 _cKS
008 s pl f |000 0 pol
999 _c27926
_d27926
856 _uhttp://koha.tu.koszalin.pl/cgi-bin/koha/opac-detail.pl?biblionumber=27926
_yKatalog online BPK